Paní Curieová / Eva Curieová ; z franc. orig. přel. Eva Sgallová ; překlad upr. Božena Pravdová
Record details
- Physical Description: 314, [4] s. ; 8°
- Edition: 5. vyd., v MF 3. vyd.
- Publisher: Praha : Mladá fronta, 1971
Content descriptions
| General Note: | 22000 výt. Obálka: Ervín Urban |
Search for related items by series
Available copies
- 1 of 1 copy available at Common Catalog SPOK.
Holds
- 0 current holds with 1 total copy.
Other Formats and Editions
Show Only Available Copies
| Location | Call Number / Copy Notes | Barcode | Shelving Location | Status | Due Date |
|---|---|---|---|---|---|
| KDS Library | 929 CuE | 204576803211 | Library | Available | - |
| LDR | 01068nam a22003131 4500 | ||
|---|---|---|---|
| 001 | 22593 | ||
| 003 | CZ-PrJAB | ||
| 005 | 20150723114423.0 | ||
| 008 | 970409s1971 xr cze | ||
| 015 | . | ‡acnb000127255 | |
| 035 | . | ‡a(CZ PrNK)bk197103459 | |
| 035 | . | ‡a(OCoLC)21265594 | |
| 040 | . | ‡aABA001 ‡bcze ‡cABA001 ‡dABA001 | |
| 041 | 1 | . | ‡acze ‡hfre |
| 080 | . | ‡a840-312.6:92 Curie, M. ‡2undef | |
| 100 | 1 | . | ‡aCurie, Ève, ‡d1904-2007 ‡7mzk2002172116 ‡4aut |
| 245 | 1 | 0. | ‡aPaní Curieová / ‡cEva Curieová ; z franc. orig. přel. Eva Sgallová ; překlad upr. Božena Pravdová |
| 250 | . | ‡a5. vyd., v MF 3. vyd. | |
| 260 | . | ‡aPraha : ‡bMladá fronta, ‡c1971 ‡f(Mír 6) | |
| 300 | . | ‡a314, [4] s. ; ‡c8° | |
| 490 | 1 | . | ‡aEva ; ‡vsv. 10 |
| 500 | . | ‡a22000 výt. | |
| 500 | . | ‡aObálka: Ervín Urban | |
| 700 | 1 | . | ‡aSgallová, Eva, ‡d1929-1961 ‡7jk01110827 ‡4trl |
| 700 | 1 | . | ‡aPravdová, Božena ‡7xx0118848 ‡4trl |
| 765 | 0 | . | ‡tMadame Curie ‡9Česky |
| 830 | 0. | ‡aEva (Mladá fronta) | |
| 910 | . | ‡aABE463 | |
| 964 | . | ‡aCurie-Skłodowska, Marie (1867-1934 objevitelka rádia pol.) - romány životopisné | |
| 998 | . | ‡a000127255 | |
| 901 | . | ‡a22593 ‡b ‡c22593 ‡tbiblio | |